Every State’s Highest Point - Statistics

General Stats
  • This quiz has been taken 79 times
  • The average score is 20 of 50
Answer Stats
State Elevation (ft) Answer % Correct
Alaska 20,310 Denali
100%
California 14,498 Mount Whitney
96%
Washington 14,411 Mount Rainier
93%
New Hampshire 6,288 Mount Washington
86%
Oregon 11,239 Mount Hood
79%
Colorado 14,433 Mount Elbert
68%
Hawaii 13,796 Mauna Kea
64%
North Carolina 6,684 Mount Mitchell
54%
Texas 8,749 Guadalupe Peak
50%
Kentucky 4,139 Black Mountain
46%
Tennessee 6,643 Clingmans Dome
46%
Wyoming 13,804 Gannett Peak
46%
Montana 12,799 Granite Peak
46%
New Jersey 1,803 High Point
46%
Maine 5,268 Katahdin
46%
Utah 13,528 Kings Peak
46%
Florida 345 Britton Hill
43%
Kansas 4,039 Mount Sunflower
43%
New Mexico 13,161 Wheeler Peak
43%
Idaho 12,666 Borah Peak
39%
Nevada 13,140 Boundary Peak
39%
Georgia 4,784 Brasstown Bald
39%
New York 5,344 Mount Marcy
39%
Arizona 12,633 Humphreys Peak
36%
Vermont 4,393 Mount Mansfield
36%
West Virginia 4,861 Spruce Knob
36%
Indiana 1,257 Hoosier Hill
32%
Arkansas 2,753 Magazine Mountain
32%
Michigan 1,979 Mount Arvon
32%
Virginia 5,729 Mount Rogers
32%
Nebraska 5,429 Panorama Point
32%
South Carolina 3,554 Sassafras Mountain
32%
Oklahoma 4,973 Black Mesa
29%
Alabama 2,405 Cheaha Mountain
29%
Louisiana 535 Driskill Mountain
29%
Pennsylvania 3,213 Mount Davis
29%
North Dakota 3,506 White Butte
29%
South Dakota 7,231 Black Elk Peak
25%
Ohio 1,549 Campbell Hill
25%
Iowa 1,670 Hawkeye Point
25%
Rhode Island 812 Jerimoth Hill
25%
Connecticut 2,382 Mount Frissell
25%
Minnesota 2,301 Eagle Mountain
21%
Massachusetts 3,487 Mount Greylock
21%
Wisconsin 1,951 Timms Hill
21%
Illinois 1,235 Charles Mound
18%
Delaware 450 Ebright Azimuth
18%
Mississippi 806 Woodall Mountain
18%
Maryland 3,360 Backbone Mountain
14%
Missouri 1,772 Taum Sauk Mountain
14%
No matching quizzes found
Score Distribution
Percent of People with Each Score
Percentile by Number Answered
Your Score History
You have not taken this quiz